[Event "XIII Festival A"]
[Site "Bolzano - Bozen ITA"]
[Date "1998.06.13"]
[Round "1"]
[White "Mrdja, Milan"]
[Black "Duarte, Riccardo"]
[WhiteElo "2380"]
[BlackElo "1822"]
[Result "1-0"]
[PlyCount "73"]
[EventDate "1998.06.13"]

1. e4 e5 2. Nf3 Nc6 3. Bb5 a6 4. Ba4 Nf6 5. O-O d6 6. c3 Be7 7. Re1 O-O 8. d4
Bg4 9. Bxc6 bxc6 10. dxe5 Bxf3 11. Qxf3 dxe5 12. Nd2 Bd6 13. Nc4 Qe7 14. Bg5
Qe6 15. Bxf6 gxf6 16. Ne3 Kh8 17. Nf5 Rg8 18. Qe2 Rg5 19. g3 Bc5 20. Red1 a5
21. b3 Rag8 22. Rd3 Rxf5 23. exf5 Qxf5 24. Rad1 Bd6 25. Rf3 Qg6 26. Re3 h5 27.
Re4 Kg7 28. Kf1 Kh6 29. Ra4 f5 30. Rxa5 f4 31. Rxe5 Bxe5 32. Qxe5 fxg3 33. hxg3
Qg4 34. Rd4 Qh3+ 35. Ke2 Rg5 36. Qf6+ Rg6 37. Qxf7 1-0

[Event "XIII Festival A"]
[Site "Bolzano - Bozen ITA"]
[Date "1998.06.13"]
[Round "1"]
[White "Staindl, Erwin"]
[Black "Manca, Federico"]
[WhiteElo "1804"]
[BlackElo "2375"]
[Result "0-1"]
[PlyCount "74"]
[EventDate "1998.06.13"]

1. Nf3 g6 2. g3 Bg7 3. Bg2 Nf6 4. c4 c5 5. Nc3 Nc6 6. O-O d6 7. d4 O-O 8. d5
Na5 9. Nd2 a6 10. e4 b5 11. cxb5 axb5 12. Nxb5 Ba6 13. a4 Qb6 14. Qe2 Ne8 15.
Re1 Nc7 16. Bf1 e6 17. Qf3 Nxb5 18. axb5 Bxb5 19. Bxb5 Qxb5 20. Nf1 Nb3 21.
Rxa8 Rxa8 22. e5 Nd4 23. Qe4 exd5 24. Qxd5 Re8 25. Kg2 dxe5 26. Nd2 Nc2 27. Re4
Nb4 28. Qb3 Rd8 29. Rc4 Rd3 30. Rc3 e4 31. Nxe4 Bxc3 32. bxc3 Qc6 33. f3 Qa8
34. Qb2 Nd5 35. c4 Nc3 36. Qc2 Qa2 37. Bb2 Nxe4 0-1

[Event "XIII Festival A"]
[Site "Bolzano - Bozen ITA"]
[Date "1998.06.13"]
[Round "1"]
[White "Trentini, Danilo"]
[Black "Belotti, Bruno"]
[WhiteElo "1957"]
[BlackElo "2420"]
[Result "0-1"]
[PlyCount "42"]
[EventDate "1998.06.13"]

1. d4 Nf6 2. Nf3 g6 3. c4 Bg7 4. Nc3 O-O 5. e4 d6 6. Be2 e5 7. d5 Nbd7 8. Bg5
h6 9. Bh4 g5 10. Bg3 Nh5 11. O-O Nf4 12. Nd2 Nc5 13. b4 Ncd3 14. Rb1 f5 15.
Bxd3 Nxd3 16. exf5 Bxf5 17. Nde4 Nf4 18. f3 Qe8 19. Bf2 g4 20. c5 Qg6 21. Kh1
Nxg2 0-1

[Event "XIII Festival A"]
[Site "Bolzano - Bozen ITA"]
[Date "1998.06.13"]
[Round "1"]
[White "Zsinka, Laszlo"]
[Black "Zammarchi, Massimo"]
[WhiteElo "2365"]
[BlackElo "1798"]
[Result "1-0"]
[PlyCount "41"]
[EventDate "1998.06.13"]

1. d4 Nf6 2. c4 c5 3. d5 e6 4. Nc3 exd5 5. cxd5 d6 6. e4 g6 7. Bd3 Bg7 8. Nge2
O-O 9. h3 a6 10. a4 Nbd7 11. Ng3 Ne5 12. Be2 Rb8 13. f4 Ned7 14. O-O Ne8 15.
Be3 Qb6 16. Qd2 Bd4 17. Rad1 Bxe3+ 18. Qxe3 Qc7 19. e5 dxe5 20. d6 Nxd6 21.
fxe5 1-0

[Event "XIII Festival A"]
[Site "Bolzano - Bozen ITA"]
[Date "1998.06.14"]
[Round "2"]
[White "Bernardi, Ruben"]
[Black "Di Lazzaro, Gabriele"]
[WhiteElo "2170"]
[BlackElo "2030"]
[Result "0-1"]
[PlyCount "74"]
[EventDate "1998.06.13"]

1. e4 g6 2. d4 Bg7 3. Nc3 c6 4. Nf3 d6 5. a4 Nf6 6. Be2 O-O 7. O-O Qc7 8. h3
Nbd7 9. Be3 e5 10. dxe5 dxe5 11. Qc1 b6 12. Rd1 Bb7 13. Bh6 a6 14. Bxg7 Kxg7
15. Qd2 Nc5 16. Qd6 Qxd6 17. Rxd6 Rfe8 18. Rad1 Re7 19. Bc4 Ncxe4 20. Nxe4 Nxe4
21. Rd7 Rae8 22. Nxe5 Nc5 23. Rxe7 Rxe7 24. Nxf7 Nxa4 25. Rd8 Nxb2 26. Ba2 c5
27. Nd6 b5 28. Ne8+ Kh6 29. Nf6 Kg5 30. Rf8 c4 31. Ng8 Re2 32. Rf7 Bd5 33. h4+
Kxh4 34. Rxh7+ Kg5 35. f4+ Kxf4 36. Kf1 Bxg8 37. Rh4+ Kg5 0-1

[Event "XIII Festival A"]
[Site "Bolzano - Bozen ITA"]
[Date "1998.06.14"]
[Round "2"]
[White "Erschbaumer, Helmut"]
[Black "Zsinka, Laszlo"]
[WhiteElo "1600"]
[BlackElo "2365"]
[Result "0-1"]
[PlyCount "43"]
[EventDate "1998.06.13"]

1. e4 e5 2. Nf3 Nc6 3. Bb5 a6 4. Ba4 g6 5. d4 exd4 6. Nxd4 Bg7 7. c3 Nge7 8.
Bg5 h6 9. Bh4 O-O 10. Nxc6 bxc6 11. Nd2 Rb8 12. Qc2 f5 13. exf5 g5 14. Bg3 d6
15. Bb3+ d5 16. Qd3 c5 17. Rd1 Bxf5 18. Qxa6 Rb6 19. Qa7 Bd3 20. Nc4 dxc4 21.
Bxc4+ Bxc4 22. Rxd8 0-1

[Event "XIII Festival A"]
[Site "Bolzano - Bozen ITA"]
[Date "1998.06.14"]
[Round "2"]
[White "Jaenig, Reinhard"]
[Black "Trentini, Danilo"]
[WhiteElo "2215"]
[BlackElo "1957"]
[Result "1/2-1/2"]
[PlyCount "66"]
[EventDate "1998.06.13"]

1. e4 c6 2. d4 d5 3. exd5 cxd5 4. Bd3 Nc6 5. c3 Nf6 6. h3 e5 7. dxe5 Nxe5 8.
Qe2 Qe7 9. Bb5+ Nc6 10. Be3 a6 11. Ba4 g6 12. Nf3 Bg7 13. O-O O-O 14. Re1 Qd6
15. Nbd2 Bd7 16. Bc2 Rfe8 17. Rad1 Na5 18. Nb3 Nc6 19. c4 Qc7 20. Bb1 dxc4 21.
Qxc4 Be6 22. Qh4 Rad8 23. Ng5 Bd5 24. Nc5 Qe7 25. Nd3 Qc7 26. Nf4 Qa5 27. Bd2
Rxe1+ 28. Bxe1 Qa4 29. b3 Bxb3 30. Rxd8+ Nxd8 31. axb3 Qxb3 32. Bd3 Qd1 33. Kf1
a5 1/2-1/2

[Event "XIII Festival A"]
[Site "Bolzano - Bozen ITA"]
[Date "1998.06.14"]
[Round "2"]
[White "Kowalczyk, Martin"]
[Black "Luciani, Valerio"]
[WhiteElo "1965"]
[BlackElo "2220"]
[Result "0-1"]
[PlyCount "78"]
[EventDate "1998.06.13"]

1. e4 e6 2. d4 d5 3. e5 c5 4. c3 Nc6 5. Nf3 Bd7 6. Bd3 cxd4 7. cxd4 Nge7 8. O-O
Ng6 9. Nc3 Be7 10. g3 O-O 11. h4 Nh8 12. Qc2 g6 13. a3 Kg7 14. Qd2 f6 15. Qh6+
Kg8 16. h5 Nf7 17. Qe3 Kg7 18. hxg6 hxg6 19. Bd2 f5 20. Kg2 Rh8 21. Rh1 Qb6 22.
b4 Rag8 23. Na4 Qd8 24. Nc5 Bc8 25. Nb3 Rxh1 26. Rxh1 Rh8 27. Qe1 g5 28. Rxh8
Qxh8 29. Qh1 Qxh1+ 30. Kxh1 Bd7 31. Kg2 a6 32. Ng1 g4 33. f3 gxf3+ 34. Nxf3 Na7
35. Nc5 Bxc5 36. bxc5 Bb5 37. Bc2 Be2 38. a4 Bxf3+ 39. Kxf3 Kg6 0-1

[Event "XIII Festival A"]
[Site "Bolzano - Bozen ITA"]
[Date "1998.06.14"]
[Round "2"]
[White "Lugovoi, Aleksei"]
[Black "Bertagnolli, Alexander"]
[WhiteElo "2540"]
[BlackElo "1693"]
[Result "1-0"]
[PlyCount "115"]
[EventDate "1998.06.13"]

1. d4 g6 2. c4 f5 3. Nf3 Nf6 4. g3 Bg7 5. Bg2 e6 6. O-O O-O 7. Nc3 Nc6 8. b3
Ne4 9. Bb2 d5 10. e3 g5 11. Ne2 Ne7 12. Ne5 g4 13. Nf4 c6 14. h3 Bxe5 15. dxe5
gxh3 16. Bxh3 Ng6 17. Nh5 Qg5 18. Kh2 Bd7 19. f4 Qh6 20. Nf6+ Nxf6 21. exf6
Rad8 22. Qe2 Rf7 23. Rad1 Be8 24. g4 fxg4 25. Qxg4 Bd7 26. Qg5 Qxg5 27. fxg5 h6
28. gxh6 Kh7 29. e4 e5 30. cxd5 Bxh3 31. Kxh3 cxd5 32. exd5 Nf4+ 33. Kg4 Nxd5
34. Kh4 e4 35. Rg1 Rdd7 36. Rg7+ Rxg7 37. fxg7 Rd6 38. Kg3 Rg6+ 39. Kf2 Rxh6
40. Be5 Ne7 41. Rd8 Ng8 42. Ke3 Ra6 43. Rd2 Nf6 44. Rg2 Kg8 45. Kf4 Kf7 46. Kf5
e3 47. Rc2 Nd5 48. Ke4 e2 49. Rxe2 Nf6+ 50. Bxf6 Rxf6 51. Rg2 Kg8 52. Kd5 Ra6
53. a4 Rb6 54. Rg3 Ra6 55. Rg4 Ra5+ 56. Kd6 b5 57. Kc6 bxa4 58. Rxa4 1-0

[Event "XIII Festival A"]
[Site "Bolzano - Bozen ITA"]
[Date "1998.06.14"]
[Round "2"]
[White "Ruzzier, Dario"]
[Black "Staindl, Erwin"]
[WhiteElo "2095"]
[BlackElo "1804"]
[Result "1-0"]
[PlyCount "69"]
[EventDate "1998.06.13"]

1. d4 Nf6 2. c4 g6 3. Nc3 Bg7 4. e4 d6 5. f3 O-O 6. Be3 Nc6 7. Nge2 a6 8. Qd2
Rb8 9. Bh6 e5 10. Bxg7 Kxg7 11. d5 Ne7 12. g4 c6 13. Ng3 b5 14. h4 Nfg8 15. h5
h6 16. g5 cxd5 17. cxd5 b4 18. gxh6+ Kh7 19. Nd1 f5 20. hxg6+ Nxg6 21. exf5 Nh4
22. Qf2 Nxf5 23. Bd3 Kh8 24. Nxf5 Bxf5 25. Qg3 Qd7 26. Bxf5 Rxf5 27. Ne3 Rf4
28. Rc1 Qf7 29. Rh3 Nf6 30. Qg7+ Qxg7 31. hxg7+ Kxg7 32. Rc7+ Kg6 33. Rg3+ Kh5
34. Rcg7 Rh8 35. Ng2 1-0

[Event "XIII Festival A"]
[Site "Bolzano - Bozen ITA"]
[Date "1998.06.14"]
[Round "2"]
[White "Squarci, Franco"]
[Black "Trabert, Bettina"]
[WhiteElo "1948"]
[BlackElo "2200"]
[Result "0-1"]
[PlyCount "46"]
[EventDate "1998.06.13"]

1. d4 d5 2. Nf3 e6 3. e3 Nf6 4. Bd3 Be7 5. O-O b6 6. Qe2 Bb7 7. b3 Nbd7 8. Bb2
O-O 9. Nbd2 Ne4 10. c4 c5 11. cxd5 exd5 12. Rac1 Bd6 13. Rfd1 Qe7 14. Nf1 Rad8
15. Bb1 f5 16. Ng3 Rfe8 17. Qc2 g6 18. dxc5 bxc5 19. a4 Ndf6 20. Nxe4 fxe4 21.
Ne1 Ng4 22. Rd2 Bxh2+ 23. Kf1 Ba6+ 0-1

[Event "XIII Festival A"]
[Site "Bolzano - Bozen ITA"]
[Date "1998.06.14"]
[Round "3"]
[White "Bernardi, Ruben"]
[Black "Kowalczyk, Martin"]
[WhiteElo "2170"]
[BlackElo "1965"]
[Result "1/2-1/2"]
[PlyCount "51"]
[EventDate "1998.06.13"]

1. e4 d6 2. d4 Nf6 3. Nc3 g6 4. f4 Bg7 5. Nf3 c5 6. dxc5 Qa5 7. Bb5+ Bd7 8.
Bxd7+ Nbxd7 9. Bd2 Qxc5 10. Qe2 O-O 11. a3 a6 12. Be3 Qa5 13. Nd2 b5 14. O-O
Qc7 15. Rac1 Qb7 16. g4 Rac8 17. g5 Nh5 18. Nd5 Nc5 19. Bxc5 Rxc5 20. c3 f5 21.
gxf6 Nxf6 22. Nxf6+ Bxf6 23. Nb3 Rc4 24. Nd2 Rc5 25. Nb3 Rc4 26. Nd2 1/2-1/2

[Event "XIII Festival A"]
[Site "Bolzano - Bozen ITA"]
[Date "1998.06.14"]
[Round "3"]
[White "Bertagnolli, Alexander"]
[Black "Dallaglio, Giovanni"]
[WhiteElo "1693"]
[BlackElo "2055"]
[Result "1-0"]
[PlyCount "133"]
[EventDate "1998.06.13"]

1. g3 c5 2. Bg2 Nc6 3. e4 g6 4. f4 d6 5. Nc3 Bg7 6. d3 e6 7. Be3 Nge7 8. Nge2
Nd4 9. O-O O-O 10. Qd2 Rb8 11. Bf2 Qa5 12. Nc1 b5 13. Nb3 Qc7 14. Nxd4 cxd4 15.
Ne2 Nc6 16. f5 exf5 17. exf5 Bxf5 18. Bxc6 Qxc6 19. Nxd4 Bxd4 20. Bxd4 f6 21.
Bxa7 Rb7 22. Bd4 Qd5 23. Rf4 h5 24. Qg2 Qxg2+ 25. Kxg2 Rc7 26. Bc3 Re8 27. Raf1
Re2+ 28. R4f2 Rxf2+ 29. Rxf2 Ra7 30. a3 Kf7 31. h3 Ra4 32. Bb4 d5 33. h4 Ra6
34. Re2 Re6 35. Kf2 Bg4 36. Rxe6 Kxe6 37. Ke3 Bd1 38. c3 g5 39. Bf8 Kf7 40. Bd6
Ke6 41. Bc7 Kd7 42. Bb6 Bb3 43. Kd2 Ke6 44. Bc7 Kd7 45. Bb6 gxh4 46. gxh4 Ke6
47. Ke3 Bd1 48. Kd4 Bc2 49. Bd8 Bb1 50. c4 dxc4 51. dxc4 bxc4 52. Kxc4 f5 53.
Bc7 Kd7 54. Bf4 Kc6 55. a4 Ba2+ 56. b3 Kb6 57. Kc3 Bb1 58. b4 Be4 59. b5 Ka5
60. Kb3 Bd5+ 61. Ka3 Kb6 62. Kb4 Kb7 63. a5 Bf3 64. a6+ Kb6 65. Be3+ Kc7 66.
b6+ Kc6 67. b7 1-0

[Event "XIII Festival A"]
[Site "Bolzano - Bozen ITA"]
[Date "1998.06.14"]
[Round "3"]
[White "Di Lazzaro, Gabriele"]
[Black "De Eccher, Stefano"]
[WhiteElo "2030"]
[BlackElo "2265"]
[Result "1/2-1/2"]
[PlyCount "49"]
[EventDate "1998.06.13"]

1. Nf3 f5 2. g3 Nf6 3. Bg2 g6 4. c3 Bg7 5. Qb3 e6 6. d4 Qe7 7. Bf4 d6 8. Nbd2
Nc6 9. h4 h6 10. Nc4 Ng4 11. Nh2 e5 12. dxe5 dxe5 13. Bd2 Nxh2 14. Bxc6+ bxc6
15. Rxh2 Be6 16. Qa4 O-O 17. Qxc6 Qf7 18. b3 Bxc4 19. Qxc4 Qxc4 20. bxc4 e4 21.
Kd1 Rab8 22. Kc2 Rb6 23. Be3 Ra6 24. a4 Rb8 25. Rhh1 1/2-1/2

[Event "XIII Festival A"]
[Site "Bolzano - Bozen ITA"]
[Date "1998.06.14"]
[Round "3"]
[White "Dinser, Hans"]
[Black "Duarte, Riccardo"]
[WhiteElo "2045"]
[BlackElo "1822"]
[Result "1/2-1/2"]
[PlyCount "97"]
[EventDate "1998.06.13"]

1. d4 d5 2. c4 e6 3. g3 c6 4. Bg2 Nf6 5. cxd5 exd5 6. Nf3 Bb4+ 7. Bd2 Bxd2+ 8.
Nbxd2 O-O 9. O-O Bf5 10. Ne5 Nbd7 11. Nxd7 Qxd7 12. Nb3 Bh3 13. Nc5 Qc8 14. Rc1
Bxg2 15. Kxg2 h5 16. h3 Rb8 17. e3 g6 18. Qf3 Kg7 19. Rh1 Re8 20. Nd3 Ne4 21.
Nf4 Ng5 22. Qd1 Qf5 23. Qc2 Ne4 24. f3 Nd6 25. Rhe1 Qg5 26. h4 Qe7 27. b3 Kh6
28. Nh3 Nf5 29. e4 dxe4 30. fxe4 Nd6 31. Qd2+ Kg7 32. e5 Nf5 33. Qf2 Rbd8 34.
Rcd1 Qb4 35. Nf4 Rxd4 36. Nxh5+ Kf8 37. Nf6 Red8 38. Rxd4 Qxd4 39. Qxd4 Rxd4
40. Re2 Rd3 41. Ne4 Ke7 42. Kf2 b6 43. e6 Nd4 44. Re3 Rxe3 45. Kxe3 Nf5+ 46.
Kf4 Kxe6 47. Ng5+ Kf6 48. Nf3 Ne7 49. g4 1/2-1/2

[Event "XIII Festival A"]
[Site "Bolzano - Bozen ITA"]
[Date "1998.06.14"]
[Round "3"]
[White "Luciani, Valerio"]
[Black "Erschbaumer, Helmut"]
[WhiteElo "2220"]
[BlackElo "1600"]
[Result "1-0"]
[PlyCount "47"]
[EventDate "1998.06.13"]

1. c4 Nf6 2. Nc3 g6 3. g3 Bg7 4. Nf3 O-O 5. Bg2 d6 6. O-O c6 7. d4 Qa5 8. h3
Be6 9. Nd2 Na6 10. e4 Nh5 11. d5 Bd7 12. g4 Bxc3 13. Nb3 Qa4 14. bxc3 Ng7 15.
Qd4 e5 16. dxe6 Nxe6 17. Qf6 Nac7 18. Bh6 Rfd8 19. c5 dxc5 20. f4 Ne8 21. Qe7
c4 22. f5 g5 23. fxe6 Bxe6 24. Qf8# 1-0

[Event "XIII Festival A"]
[Site "Bolzano - Bozen ITA"]
[Date "1998.06.14"]
[Round "3"]
[White "Trentini, Danilo"]
[Black "Astengo, Marcello"]
[WhiteElo "1957"]
[BlackElo "2075"]
[Result "1-0"]
[PlyCount "61"]
[EventDate "1998.06.13"]

1. d4 d5 2. Nf3 Nf6 3. c4 c6 4. cxd5 cxd5 5. Nc3 Nc6 6. Bf4 Qb6 7. e3 Bf5 8.
Be2 Qxb2 9. Nb5 Qb4+ 10. Kf1 Rc8 11. Nh4 Bd7 12. Nc7+ Rxc7 13. Bxc7 Ne4 14. Qe1
Qb2 15. Qc1 Qb4 16. Nf3 Nc3 17. Bd3 b6 18. Nd2 Qa5 19. Nb3 Qb4 20. Qc2 Nb5 21.
Bg3 Na3 22. Qc1 Qa4 23. Be2 Nb4 24. Qc7 f6 25. Nd2 Bb5 26. f3 Bxe2+ 27. Kxe2
Qb5+ 28. Kd1 Nbc2 29. Qc3 e6 30. Rc1 Bb4 31. Qb3 1-0

[Event "XIII Festival A"]
[Site "Bolzano - Bozen ITA"]
[Date "1998.06.14"]
[Round "3"]
[White "Vegh, Endre"]
[Black "Squarci, Franco"]
[WhiteElo "2350"]
[BlackElo "1948"]
[Result "1-0"]
[PlyCount "24"]
[EventDate "1998.06.13"]

1. d4 Nf6 2. c4 d6 3. Nc3 g6 4. e4 Bg7 5. f4 O-O 6. Nf3 c5 7. d5 Bg4 8. Be2
Nbd7 9. O-O e5 10. dxe6 fxe6 11. Ng5 Bxe2 12. Qxe2 Qe8 1-0

[Event "XIII Festival A"]
[Site "Bolzano - Bozen ITA"]
[Date "1998.06.14"]
[Round "3"]
[White "Zammarchi, Massimo"]
[Black "Jaenig, Reinhard"]
[WhiteElo "1798"]
[BlackElo "2215"]
[Result "1-0"]
[PlyCount "70"]
[EventDate "1998.06.13"]

1. e4 c5 2. Nf3 d6 3. d4 cxd4 4. Nxd4 Nf6 5. Nc3 g6 6. Be3 Bg7 7. f3 O-O 8. Qd2
Nc6 9. g4 Nxd4 10. Bxd4 Be6 11. h4 Qa5 12. a3 a6 13. h5 Rac8 14. h6 Bh8 15. g5
Nd7 16. Bxh8 Kxh8 17. f4 Qc5 18. O-O-O b5 19. Bh3 Nb6 20. f5 gxf5 21. exf5 Bd7
22. Rh2 Nc4 23. Qd4+ Qxd4 24. Rxd4 Ne5 25. Re2 Nf3 26. Rde4 Ng1 27. Rxe7 Nxe2+
28. Nxe2 Bc6 29. Nd4 Bd5 30. g6 Rfe8 31. g7+ Kg8 32. f6 Rxe7 33. Bxc8 Re5 34.
Nf5 Rxf5 35. Bxf5 a5 1-0

[Event "XIII Festival A"]
[Site "Bolzano - Bozen ITA"]
[Date "1998.06.15"]
[Round "4"]
[White "Astengo, Marcello"]
[Black "Erschbaumer, Helmut"]
[WhiteElo "2075"]
[BlackElo "1600"]
[Result "1-0"]
[PlyCount "77"]
[EventDate "1998.06.13"]

1. d4 Nf6 2. c4 g6 3. d5 d6 4. Nc3 c6 5. e4 Bg7 6. Bd3 O-O 7. Bg5 h6 8. Bd2
Nbd7 9. Nf3 Ng4 10. O-O Nc5 11. Bc2 f5 12. exf5 Bxf5 13. h3 Ne5 14. Nxe5 dxe5
15. Be3 Qd6 16. b4 Nd7 17. c5 Qf6 18. Ne4 Qh4 19. dxc6 bxc6 20. Ng3 Rad8 21.
Qe2 Qxb4 22. Rab1 Qa5 23. Rb7 e6 24. Qc4 Kh8 25. Nxf5 exf5 26. Rd1 Nf6 27. Rxd8
Qxd8 28. Qe6 Qd5 29. Qe7 Ne8 30. Bxh6 Qg8 31. Bxg7+ Qxg7 32. Qh4+ Kg8 33. Rxg7+
Kxg7 34. Qe7+ Rf7 35. Qxe8 Rb7 36. Bb3 e4 37. Qxc6 Rb8 38. Qc7+ Kh6 39. Qxb8
1-0

[Event "XIII Festival A"]
[Site "Bolzano - Bozen ITA"]
[Date "1998.06.15"]
[Round "4"]
[White "Belotti, Bruno"]
[Black "Di Lazzaro, Gabriele"]
[WhiteElo "2420"]
[BlackElo "2030"]
[Result "1-0"]
[PlyCount "31"]
[EventDate "1998.06.13"]

1. Nf3 d5 2. g3 Nc6 3. d4 Bg4 4. Bg2 Qd7 5. h3 Bf5 6. c4 e6 7. O-O Nf6 8. Nc3
h6 9. Ne5 Qd8 10. Qa4 Be7 11. Nxc6 bxc6 12. Qxc6+ Kf8 13. cxd5 exd5 14. Nxd5
Bxh3 15. Nxf6 Bxg2 16. Nd7+ 1-0

[Event "XIII Festival A"]
[Site "Bolzano - Bozen ITA"]
[Date "1998.06.15"]
[Round "4"]
[White "Duarte, Riccardo"]
[Black "Bernardi, Ruben"]
[WhiteElo "1822"]
[BlackElo "2170"]
[Result "0-1"]
[PlyCount "94"]
[EventDate "1998.06.13"]

1. e4 e6 2. d4 d5 3. exd5 exd5 4. Bd3 Bd6 5. Nc3 c6 6. Nge2 Qc7 7. Ng3 g6 8.
Bg5 Be6 9. Qe2 Nd7 10. a3 Nf8 11. b4 f6 12. Bd2 Kf7 13. O-O Re8 14. Qf3 Qd7 15.
h3 Kg7 16. Nce2 Ne7 17. Bf4 Bxf4 18. Nxf4 Bf7 19. Rfe1 h5 20. h4 Qg4 21. Rxe7
Qxf3 22. Rxf7+ Kxf7 23. gxf3 f5 24. c4 Ne6 25. Nxe6 Kxe6 26. Ne2 dxc4 27. Bxc4+
Kf6 28. Nf4 g5 29. hxg5+ Kxg5 30. Nh3+ Kf6 31. Nf4 Rh7 32. d5 cxd5 33. Nxd5+
Kg5 34. Kh2 Rc8 35. Rg1+ Kh6 36. Nf4 Rg7 37. Rxg7 Kxg7 38. Be6 Rc3 39. a4 Rxf3
40. Nxh5+ Kg6 41. Kg2 Ra3 42. Nf4+ Kf6 43. a5 Ke5 44. Bxf5 Kxf5 45. Nd5 Ke5 46.
Nc7 Ra4 47. a6 bxa6 0-1

[Event "XIII Festival A"]
[Site "Bolzano - Bozen ITA"]
[Date "1998.06.15"]
[Round "4"]
[White "Horvath, Tamas"]
[Black "Bertagnolli, Alexander"]
[WhiteElo "2385"]
[BlackElo "1693"]
[Result "1-0"]
[PlyCount "32"]
[EventDate "1998.06.13"]

1. e4 g6 2. d4 Bg7 3. Nc3 c6 4. Bc4 d6 5. f4 Qb6 6. Nf3 d5 7. Bb3 Bg4 8. exd5
Bxf3 9. Qxf3 Bxd4 10. Bd2 cxd5 11. Nxd5 Qc6 12. Qe4 Bxb2 13. Ba4 Bxa1 14. Bxc6+
Nxc6 15. Nc7+ Kd8 16. Nxa8 Nf6 1-0

[Event "XIII Festival A"]
[Site "Bolzano - Bozen ITA"]
[Date "1998.06.15"]
[Round "4"]
[White "Kowalczyk, Martin"]
[Black "Dinser, Hans"]
[WhiteElo "1965"]
[BlackElo "2045"]
[Result "1-0"]
[PlyCount "119"]
[EventDate "1998.06.13"]

1. e4 c5 2. Nf3 Nc6 3. Bb5 a6 4. Bxc6 bxc6 5. e5 d5 6. exd6 exd6 7. O-O Be7 8.
Re1 Be6 9. d4 d5 10. dxc5 Bxc5 11. Ng5 Qf6 12. Qe2 Ne7 13. Be3 Bxe3 14. Qxe3
Kd7 15. Nc3 h6 16. Nf3 Rhb8 17. Na4 Nc8 18. Nd4 Qe7 19. Nxe6 fxe6 20. Nc5+ Ke8
21. Nxe6 Kf7 22. Qf4+ Qf6 23. Nd8+ Kf8 24. Qxf6+ gxf6 25. b3 Ne7 26. Rxe7 Kxe7
27. Nxc6+ Kd6 28. Nxb8 Rxb8 29. Kf1 Rc8 30. Rc1 d4 31. Ke2 Kd5 32. Kd2 Rg8 33.
g3 Ke4 34. Ke2 Rc8 35. f3+ Ke5 36. Kd2 Rc3 37. Re1+ Kd5 38. Rf1 a5 39. a4 Kc5
40. f4 h5 41. f5 Kd5 42. Rf4 Ke5 43. Rh4 Rf3 44. Rxh5 Rf2+ 45. Kd1 Ke4 46. g4
Rg2 47. Rh6 Rg1+ 48. Ke2 Rxg4 49. Rxf6 Rg2+ 50. Kd1 Rxh2 51. Ra6 d3 52. cxd3+
Kxd3 53. Ke1 Ke3 54. Re6+ Kd4 55. f6 Rh8 56. f7 Rf8 57. Re7 Kc3 58. Rb7 Kd4 59.
Ke2 Ke5 60. Kd3 1-0

[Event "XIII Festival A"]
[Site "Bolzano - Bozen ITA"]
[Date "1998.06.15"]
[Round "4"]
[White "Lugovoi, Aleksei"]
[Black "Zammarchi, Massimo"]
[WhiteElo "2540"]
[BlackElo "1798"]
[Result "1-0"]
[PlyCount "83"]
[EventDate "1998.06.13"]

1. d4 Nf6 2. c4 c5 3. d5 e6 4. Nc3 exd5 5. cxd5 d6 6. Nf3 g6 7. Nd2 Bg7 8. e4
O-O 9. Be2 Na6 10. O-O Nc7 11. a4 Rb8 12. Nc4 b6 13. Bf4 Nfe8 14. Qb3 Qe7 15.
Bd3 f6 16. Na5 bxa5 17. Qxb8 Ba6 18. Bxa6 Nxa6 19. Qb5 Nb4 20. Qc4 a6 21. Rac1
Nc7 22. Bg3 Na8 23. Qe2 Nb6 24. b3 Re8 25. Rfe1 g5 26. f3 Nd7 27. Qd2 Ne5 28.
Bxe5 fxe5 29. Nd1 Rf8 30. Ne3 Qd7 31. Nf5 Rxf5 32. exf5 Qxf5 33. Re4 Bf6 34.
Rce1 h6 35. Qe2 Kg7 36. Rxb4 axb4 37. Qxa6 e4 38. Qb7+ Kg6 39. Rxe4 Bd4+ 40.
Kf1 Be5 41. a5 h5 42. Qe7 1-0

[Event "XIII Festival A"]
[Site "Bolzano - Bozen ITA"]
[Date "1998.06.15"]
[Round "4"]
[White "Staindl, Erwin"]
[Black "Crea, Vincenzo"]
[WhiteElo "1804"]
[BlackElo "2120"]
[Result "1/2-1/2"]
[PlyCount "133"]
[EventDate "1998.06.13"]

1. Nf3 d5 2. g3 Nf6 3. Bg2 Bf5 4. O-O e6 5. d3 h6 6. Nbd2 Be7 7. Nh4 Bh7 8. Re1
O-O 9. e4 c5 10. Qe2 Nc6 11. c3 Rc8 12. h3 b5 13. b3 Re8 14. Bb2 Qb6 15. Kh1
Rcd8 16. Rad1 a5 17. Nhf3 c4 18. dxc4 bxc4 19. Nd4 Nxd4 20. cxd4 Nxe4 21. Nxe4
Bxe4 22. Bxe4 dxe4 23. Qxc4 Bb4 24. Re3 Rc8 25. Qe2 Qb7 26. Kh2 f5 27. Rc1 Rxc1
28. Bxc1 Rc8 29. Bb2 Qd5 30. a3 Be7 31. h4 Bf6 32. Rc3 Rxc3 33. Bxc3 Bxd4 34.
Bxd4 Qxd4 35. Qe3 e5 36. Kg2 Qd6 37. Qe1 Qe6 38. Qc3 f4 39. b4 f3+ 40. Kh2 axb4
41. axb4 Qa6 42. Qb3+ Kf8 43. b5 Qb6 44. Qa3+ Ke8 45. Qa8+ Ke7 46. Qa3+ Kd7 47.
Qb2 Kd6 48. Kg1 Qd4 49. Qa3+ Kc7 50. Qa6 Qb6 51. Qa4 e3 52. Qc4+ Kd6 53. Qd3+
Qd4 54. Qg6+ Kc5 55. Qc6+ Kb4 56. Qxf3 exf2+ 57. Kg2 Kxb5 58. Qb7+ Kc4 59. Qa6+
Kc3 60. Qa1+ Kd2 61. Qa2+ Ke1 62. Qb1+ Kd2 63. Qa2+ Kd3 64. Qb1+ Ke3 65. Qb3+
Qd3 66. Qb6+ Kd2 67. Qb2+ 1/2-1/2

[Event "XIII Festival A"]
[Site "Bolzano - Bozen ITA"]
[Date "1998.06.15"]
[Round "4"]
[White "Zlochevskij, Alexander"]
[Black "Trentini, Danilo"]
[WhiteElo "2435"]
[BlackElo "1957"]
[Result "1-0"]
[PlyCount "48"]
[EventDate "1998.06.13"]

1. d4 Nf6 2. Bg5 d5 3. Bxf6 exf6 4. e3 Be6 5. Bd3 c6 6. Ne2 Bd6 7. Nd2 O-O 8.
c4 dxc4 9. Bxc4 Bxc4 10. Nxc4 Bb4+ 11. Kf1 b5 12. Nd2 c5 13. Nb3 cxd4 14. Nexd4
Qb6 15. Rc1 Rd8 16. Qf3 Nd7 17. Qc6 Ne5 18. Qxb5 Qxb5+ 19. Nxb5 Nd3 20. Rb1
Rac8 21. N5d4 Nc5 22. Ke2 Nxb3 23. Nxb3 Rc2+ 24. Kf3 g6 1-0

[Event "XIII Festival A"]
[Site "Bolzano - Bozen ITA"]
[Date "1998.06.16"]
[Round "5"]
[White "Bertagnolli, Alexander"]
[Black "Astengo, Marcello"]
[WhiteElo "1693"]
[BlackElo "2075"]
[Result "1-0"]
[PlyCount "45"]
[EventDate "1998.06.13"]

1. g3 d5 2. Bg2 Bf5 3. c4 e6 4. cxd5 exd5 5. Qb3 c6 6. Qxb7 Nd7 7. Nc3 Ne7 8.
Nf3 Nc5 9. Qb4 Ng6 10. O-O Rb8 11. Qd4 Qa5 12. d3 Ne6 13. Qa4 Rb5 14. Qxa5 Rxa5
15. Bd2 Ra6 16. Ne1 d4 17. Na4 Bd6 18. Rc1 Ne7 19. b3 O-O 20. Rc4 Re8 21. Nc2
c5 22. Bb7 Rxa4 23. Rxa4 1-0

[Event "XIII Festival A"]
[Site "Bolzano - Bozen ITA"]
[Date "1998.06.16"]
[Round "5"]
[White "Di Lazzaro, Gabriele"]
[Black "Ruzzier, Dario"]
[WhiteElo "2030"]
[BlackElo "2095"]
[Result "1-0"]
[PlyCount "132"]
[EventDate "1998.06.13"]

1. e4 e5 2. d4 exd4 3. Qxd4 Nc6 4. Qe3 Nf6 5. Nc3 Bb4 6. Bd2 O-O 7. O-O-O Re8
8. Bc4 d6 9. f3 Be6 10. Bxe6 Rxe6 11. Nge2 Bc5 12. Qg5 Re5 13. Qg3 Na5 14. Nd5
Nxd5 15. Bxa5 Rg5 16. Qh3 Nb4 17. Bxb4 Bxb4 18. f4 Rg6 19. g4 Qe7 20. Qf3 Re8
21. Ng3 a5 22. Kb1 d5 23. Rxd5 Rb6 24. Rhd1 f6 25. Rd7 Qc5 26. Qb3+ Kh8 27. Qf7
Qf8 28. Qxf8+ Bxf8 29. Rxc7 Bd6 30. Rd7 Bxf4 31. Re7 Rg8 32. Nf5 Be5 33. b3 a4
34. Rdd7 axb3 35. cxb3 Rc6 36. h4 Rgc8 37. Rd1 Rc2 38. Re8+ Rxe8 39. Kxc2 h6
40. Nd4 Ra8 41. a4 Rc8+ 42. Kb2 Rd8 43. Kc3 Rc8+ 44. Kb4 Rd8 45. Kc5 Rc8+ 46.
Kb6 Rd8 47. Kxb7 Rxd4 48. Rxd4 Bxd4 49. a5 h5 50. gxh5 g5 51. hxg5 fxg5 52. a6
g4 53. e5 g3 54. e6 Kg8 55. h6 g2 56. h7+ Kxh7 57. e7 g1=Q 58. e8=Q Qg7+ 59.
Kc8 Qf6 60. Qd7+ Kg6 61. Qe8+ Kg7 62. Qb5 Bb6 63. Qd7+ Kf8 64. Kb7 Bd8 65. Qc6
Qe7+ 66. Kc8 Ba5 1-0